| 000 | 00498 a2200193 4500 | ||
|---|---|---|---|
| 005 | 20260417114756.0 | ||
| 008 | 260416b |||||||| |||| 00| 0 eng d | ||
| 020 |
_a9789349057685 _cRs. 295.00 |
||
| 040 | _aMAIN | ||
| 082 |
_a647.94 _bA38H |
||
| 100 | _aAggarwal, Shikha | ||
| 245 | _aHotel front office operations | ||
| 260 |
_bCBS Publishers _c2026 _aNew Delhi |
||
| 300 | _axi, 85 | ||
| 650 | _aHotel Management | ||
| 650 | _aTourism | ||
| 650 | _aFront Office Management | ||
| 942 | _cBK | ||
| 999 |
_c395618 _d395618 |
||